[Event "Copenhagen Chess Challenge GM 2025"]
[Site "Ballerup"]
[Date "2025.07.27"]
[Round "8.5"]
[White "Nielsen, Hogni Egilstoft"]
[Black "Hector, Jonny"]
[Result "1/2-1/2"]
[WhiteElo "2372"]
[BlackElo "2427"]
[EventDate "2025.07.23"]
[EventType "tourn"]
[EventRounds "9"]
[EventCountry "DEN"]
[SourceTitle "Live v. Michael Andersen"]

1. e4 e5 2. Nf3 Nc6 3. Bc4 Nf6 4. d3 d5 5. exd5 Nxd5 6. O-O Nb6 7. Bb5 Bd6 8. Nxe5 Bxe5 9. Bxc6+ bxc6 10. Re1 Qe7 11. Kh1 Bb7 12. f4 O-O-O 13. Rxe5 Qh4 14. Qe1 Qxe1+ 15. Rxe1 Rhe8 16. Bd2 Rxe1+ 17. Bxe1 c5 18. Nc3 c4 19. Rd1 cxd3 20. Rxd3 Rxd3 21. cxd3 Nd5 22. Nxd5 Bxd5 23. Bc3 g6 24. a3 Be6 25. Kg1 Bf5 26. d4 h5 27. Kf2 Be4 28. g3 c6 29. Ke3 Bf5 30. d5 cxd5 31. Kd4 Be6 32. Kc5 d4 33. Bxd4 Kb7 34. b4 1/2-1/2

[Event "Copenhagen Chess Challenge GM 2025"]
[Site "Ballerup"]
[Date "2025.07.27"]
[Round "9.1"]
[White "Olsen, Filip Boe"]
[Black "Nielsen, Hogni Egilstoft"]
[Result "1/2-1/2"]
[WhiteElo "2453"]
[BlackElo "2372"]
[EventDate "2025.07.23"]
[EventType "tourn"]
[EventRounds "9"]
[EventCountry "DEN"]
[SourceTitle "Live v. Michael Andersen"]

1. c4 b6 2. d4 Bb7 3. Nc3 e6 4. a3 Nf6 5. Bf4 d6 6. d5 Nbd7 7. g3 g6 8. Bg2 Bg7 9. e4 O-O 10. Nge2 a6 11. O-O Rb8 12. Qc2 Qe7 13. h3 Ne5 14. b3 c6 15. dxc6 Bxc6 16. Be3 Ba8 17. a4 Nc6 18. Rad1 Rfd8 19. Bf4 Nh5 20. Bc1 Na5 21. Ba3 Qc7 22. Bc1 Nf6 23. Be3 Rbc8 24. Qb1 Nb7 25. Rc1 Nc5 26. Rfd1 Qc6 27. Nd4 Qb7 28. f3 Qb8 29. Bf2 d5 30. b4 Ncd7 31. cxd5 exd5 32. b5 axb5 33. axb5 dxe4 34. Nc6 Bxc6 35. bxc6 Rxc6 36. Nxe4 Rxc1 37. Nxf6+ 1/2-1/2

[Event "Copenhagen Chess Challenge GM 2025"]
[Site "Ballerup"]
[Date "2025.07.27"]
[Round "9.2"]
[White "Hector, Jonny"]
[Black "Kush, Bhagat"]
[Result "1-0"]
[WhiteElo "2427"]
[BlackElo "2369"]
[EventDate "2025.07.23"]
[EventType "tourn"]
[EventRounds "9"]
[EventCountry "DEN"]
[SourceTitle "Live v. Michael Andersen"]

1. e4 c5 2. Nf3 e6 3. d4 cxd4 4. Nxd4 Nf6 5. Nc3 Nc6 6. Nxc6 bxc6 7. e5 Nd5 8. Ne4 Qc7 9. f4 Qb6 10. Bd3 f5 11. exf6 Nxf6 12. Nxf6+ gxf6 13. Bd2 d5 14. Qh5+ Kd8 15. O-O-O Bd7 16. Rhe1 c5 17. Qf7 Be7 18. Bf5 Rf8 19. Qxh7 Rb8 20. b3 c4 21. Kb1 Qd6 22. Be4 Rb5 23. Bf3 a5 24. Ka1 Qa3 25. Bc1 Qb4 26. a3 Qd6 27. bxc4 Rb8 28. Qd3 Qb6 29. Qb3 Qc7 30. Qc3 f5 31. Bd2 Bf6 32. Re5 Bxe5 33. Qxe5 Qxe5+ 34. fxe5 dxc4 35. Bxa5+ Kc8 36. Rd4 Bb5 37. Rh4 Rg8 38. Rh7 Bd7 39. Bc6 Bxc6 40. Rc7+ Kd8 41. Rg7+ Kc8 42. Rxg8+ Kb7 43. Rxb8+ Kxb8 44. g3 Kb7 45. Kb2 Ka6 46. Bd8 Kb5 47. Be7 Be8 48. Kc3 Bg6 49. Bd6 Bh7 50. Kd2 Kc6 51. c3 Bg6 52. Ke3 Kd5 1-0

[Event "Copenhagen Chess Challenge GM 2025"]
[Site "Ballerup"]
[Date "2025.07.27"]
[Round "9.3"]
[White "Ochsner, Bjorn Moller"]
[Black "Kistrup, Nicolai"]
[Result "1/2-1/2"]
[WhiteElo "2478"]
[BlackElo "2368"]
[EventDate "2025.07.23"]
[EventType "tourn"]
[EventRounds "9"]
[EventCountry "DEN"]
[SourceTitle "Live v. Michael Andersen"]

1. e4 c5 2. Nf3 d6 3. d4 cxd4 4. Nxd4 Nf6 5. Nc3 a6 6. h3 e6 7. g4 d5 8. Nde2 Bc5 9. exd5 Qb6 10. Be3 Bxe3 11. fxe3 Qxb2 12. Rb1 Qa3 13. dxe6 Bxe6 14. Bg2 Nc6 15. Rxb7 Na5 16. Rb3 Nxb3 17. Bxa8 O-O 18. axb3 Rxa8 19. O-O Qe7 20. Qd4 h5 21. g5 Nd5 22. Ne4 Re8 23. N2g3 Bxh3 24. Qxd5 Bxf1 25. Kxf1 h4 26. g6 Rf8 27. Ne2 Rd8 28. gxf7+ Kf8 29. Qf5 Qxf7 30. Qxf7+ Kxf7 31. c4 Rd3 32. N2c3 h3 33. Kf2 Ke8 34. b4 h2 35. Kg2 Rxe3 36. Kxh2 Rd3 37. Kg2 Kd8 38. Nd5 Rd4 39. Nd6 Kd7 40. Nf5 Rxc4 41. Nb6+ Kc6 42. Nxc4 Kb5 43. Ne5 Kxb4 44. Kf3 a5 45. Ke2 Kc3 46. Kd1 a4 47. Kc1 g6 48. Ne3 g5 49. N5g4 Kb3 50. Kb1 a3 51. Ka1 a2 52. Nf5 Ka3 53. Nd4 Kb4 54. Kxa2 Kc4 55. Nf3 Kc3 56. Kb1 Kb3 57. Kc1 Kc3 58. Nfe5 Kd4 59. Kd2 Ke4 60. Kc3 Kf4 61. Kd4 Kg3 62. Ke3 Kg2 63. Nd3 Kg3 64. Ndf2 Kg2 65. Ne4 Kh3 66. Kf3 Kh4 67. Ng3 Kh3 68. Nf2+ Kh4 69. Ng4 Kh3 70. Nf2+ Kh4 71. Nf5+ Kh5 72. Ng4 Kg6 73. Ke4 Kh5 74. Kf3 Kg6 75. Ng3 Kf7 76. Ke4 Ke6 77. Nf5 Kd7 78. Kd5 Kc7 79. Kc5 Kd7 80. Nd4 Kc7 81. Ne6+ Kd7 82. Kd5 Ke7 83. Nc5 Kd8 84. Kd6 Ke8 85. Nd7 Kd8 86. Nb6 Ke8 87. Nd5 Kd8 88. Ne7 Ke8 89. Nc6 Kf7 90. Nce5+ Ke8 91. Nf6+ Kd8 92. Nf7+ Kc8 93. Kc6 g4 94. Nd5 g3 95. Ne3 g2 96. Nxg2 Kb8 97. Ne3 Kc8 98. Nc4 Kb8 99. Nfd6 Ka7 100. Nb7 Kb8 101. Ncd6 Ka7 102. Kb5 Kb8 103. Kb6 Ka8 104. Nc8 Kb8 105. Ne7 Ka8 106. Nc6  1/2-1/2

[Event "Copenhagen Chess Challenge GM 2025"]
[Site "Ballerup"]
[Date "2025.07.27"]
[Round "9.4"]
[White "Medhus, Vitus Bondo"]
[Black "Haubro, Martin"]
[Result "1-0"]
[WhiteElo "2326"]
[BlackElo "2388"]
[EventDate "2025.07.23"]
[EventType "tourn"]
[EventRounds "9"]
[EventCountry "DEN"]
[SourceTitle "Live v. Michael Andersen"]

1. e4 c5 2. Nc3 d6 3. f4 Nc6 4. Nf3 g6 5. Bb5 Bg7 6. Bxc6+ bxc6 7. d3 Rb8 8. O-O Nf6 9. Qe1 O-O 10. Qh4 Nd7 11. f5 e6 12. Bg5 f6 13. fxg6 hxg6 14. Bc1 d5 15. b3 Rf7 16. Qg3 Kh7 17. Nh4 Ne5 18. Bf4 Rbb7 19. Bxe5 fxe5 20. Nxg6 Qa5 21. Rxf7 Rxf7 22. Nxe5 Qxc3 23. Qg6+ 1-0

[Event "Copenhagen Chess Challenge GM 2025"]
[Site "Ballerup"]
[Date "2025.07.27"]
[Round "9.5"]
[White "Hoi, Carsten"]
[Black "Ermitsch, Magnus"]
[Result "1/2-1/2"]
[WhiteElo "2288"]
[BlackElo "2406"]
[EventDate "2025.07.23"]
[EventType "tourn"]
[EventRounds "9"]
[EventCountry "DEN"]
[SourceTitle "Live v. Michael Andersen"]

1. d4 d5 2. Nf3 Nf6 3. e3 Bf5 4. c4 e6 5. Nc3 c6 6. Bd3 Bxd3 7. Qxd3 Nbd7 8. O-O Be7 9. b3 O-O 10. Bb2 Qa5 11. a3 Qb6 12. Nd2 c5 13. cxd5 Nxd5 14. Na4 Qd8 15. dxc5 Nxc5 16. Nxc5 Bxc5 17. Ne4 Bb6 18. Rfd1 Qh4 19. Ng3 Rad8 20. Qc4 Qxc4 21. bxc4 Nf6 22. Kf1 Nd7 23. Bd4 e5 24. Bc3 f6 25. Nf5 g6 26. Nd6 Nc5 27. Bb4 Rd7 28. Ke2 a5 29. Bxc5 Bxc5 30. Nb5 Rfd8 31. Rxd7 Rxd7 32. Nc3 Kf7 33. a4 f5 34. Nd5 b6 35. f3 Ke6 36. h3 1/2-1/2